[Event "NATO-ch 31st"]
[Site "Blankenberge"]
[Date "2021.10.12"]
[Round "3.29"]
[White "Boudry, Rik"]
[Black "Tucker, David Sidney"]
[Result "1-0"]
[WhiteElo "1381"]
[BlackElo "1996"]
[PlyCount "63"]
[EventDate "2021.10.11"]
[EventType "team-swiss"]
[EventRounds "7"]
[EventCountry "BEL"]
[SourceTitle "CBM 204 Extra"]
[Source "ChessBase"]
[SourceDate "2021.11.30"]
[SourceVersion "1"]
[SourceVersionDate "2021.11.30"]
[SourceQuality "1"]
[WhiteTeam "Belgium"]
[BlackTeam "NATO LTM"]
[WhiteTeamCountry "BEL"]

1. e4 c5 2. Be2 Nc6 3. f4 d5 4. d3 e6 5. Nf3 Be7 6. 0-0 Nf6 7. e5 Nd7 8. Nc3 Qb6 9. Kh1 Nd4 10. Nxd4 cxd4 11. Na4 Qc6 12. b3 b5 13. Nb2 0-0 14. Bd2 Bb7 15. a4 a6 16. Qb1 Rac8 17. Rc1 f6 18. exf6 Bxf6 19. Nd1 e5 20. c3 Qe6 21. h3 exf4 22. Bg4 Qd6 23. axb5 axb5 24. Ra7 Rc7 25. Qa2 Rfc8 26. Qa5 dxc3 27. Nxc3 b4 28. Na2 Bd4 29. Rxb7 Rxc1+ 30. Bxc1 f3 31. gxf3 Rc5 32. Qd8+ 1-0

[Event "NATO-ch 27th"]
[Site "Shrivenham"]
[Date "2016.08.24"]
[Round "4"]
[White "O'Brien, Anthony"]
[Black "Boudry, Rik"]
[Result "1/2-1/2"]
[WhiteElo "1773"]
[BlackElo "1360"]
[PlyCount "86"]
[EventDate "2016.08.22"]
[EventType "swiss"]
[EventRounds "7"]
[EventCountry "ENG"]
[SourceTitle "EXT 2018"]
[Source "ChessBase"]
[SourceDate "2017.10.13"]
[SourceVersion "1"]
[SourceVersionDate "2017.10.13"]
[SourceQuality "1"]

1. d4 Nf6 2. Nd2 d6 3. e3 g6 4. b3 Bg7 5. Bd3 b6 6. Ngf3 Bb7 7. 0-0 0-0 8. Bb2 Nbd7 9. c4 Rc8 10. Qc2 d5 11. Rfe1 c5 12. e4 dxe4 13. Nxe4 Nxe4 14. Bxe4 Bxe4 15. Rxe4 e6 16. Rd1 Qc7 17. h3 Rfe8 18. Re2 Rcd8 19. Ne5 Bxe5 20. dxe5 Nb8 21. f4 Rxd1+ 22. Qxd1 Rd8 23. Rd2 Nc6 24. h4 Kf8 25. g4 Ke8 26. g5 Rxd2 27. Qxd2 Qd7 28. Bc3 Qxd2 29. Bxd2 Nd4 30. Kg2 Kd7 31. Kg3 Kc6 32. Kf2 a6 33. Be1 b5 34. Ke3 bxc4 35. bxc4 Kb6 36. Kd3 Nc6 37. Kc3 Nd4 38. Kd3 a5 39. Bf2 Nc6 40. Kc3 Nb4 41. a3 Nc6 42. Kb3 Nd4+ 43. Ka4 Nc6 1/2-1/2